LIBRARY & INFORMATION CENTRE, KCAET, TAVANUR

ONLINE PUBLIC ACCESS CATALOGUE (OPAC)

Cost of milk production / (Record no. 2872)

MARC details
000 -LEADER
fixed length control field 00509cam a2200205ua 4500
041 ## - LANGUAGE CODE
Language code of text/sound track or separate title eng
082 ## - DEWEY DECIMAL CLASSIFICATION NUMBER
Classification number 637.1
Item number PAN/CO
100 ## - MAIN ENTRY--AUTHOR NAME
Personal name Panse , V G .
245 ## - TITLE STATEMENT
Title Cost of milk production /
260 ## - PUBLICATION, DISTRIBUTION, ETC. (IMPRINT)
Place of publication New Delhi :
Name of publisher Indian Council for Agricultural Research ,
Year of publication 1961.
300 ## - PHYSICAL DESCRIPTION
Number of Pages 121 ; .
700 1# - ADDED ENTRY--PERSONAL NAME
Personal name Amble, U N .
700 1# - ADDED ENTRY--PERSONAL NAME
Personal name Puri, T R .
942 ## - ADDED ENTRY ELEMENTS (KOHA)
Koha item type Books
Holdings
Withdrawn status Lost status Damaged status Home library Current library Date acquired Cost, normal purchase price Full call number Accession Number Koha item type
Withdrawn   Damaged KAUAET KAUAET 07/04/2012 5.00 637.1 7805 Books
Withdrawn     KAUAET KAUAET 07/04/2012 5.00 637.1 7806 Books
Withdrawn     KAUAET KAUAET 31/07/2018 5.00 637.1 PAN/CO 7808 Books
Withdrawn Lost and Paid For   KAUAET KAUAET 17/07/2020 5.00 637.1 PAN/CO 7807 Books
free website counter